| 000 | 00884nas a2200301Ia 4500 | ||
|---|---|---|---|
| 001 | 33 | ||
| 003 | CO-MdFUSB | ||
| 005 | 20170321145333.0 | ||
| 008 | 151030s9999 ne 000 0 eng d | ||
| 022 | _a0048-1009 | ||
| 037 | _bE.J. Brill PA Leiden | ||
| 040 |
_aCO-MdFUSB _bspa _cCO-MdFUSB _dCO-MdFUSB _erda |
||
| 041 | 0 |
_aeng _heng |
|
| 245 | 1 | 0 |
_aNovum Testamentum : _ban international quarterly for new testament and related studies _cE.J. Brill PA Leiden |
| 260 | _aLeiden | ||
| 264 |
_aHolanda _bE.J. Brill PA Leiden |
||
| 300 |
_aVolumen 29 - 33 _c24 cm. |
||
| 310 |
_aNo aplica _b1987 |
||
| 336 |
_2rdacontent _a1 _ba1 |
||
| 337 |
_2rdamedia _a2 _b5 |
||
| 338 | _a2 | ||
| 362 | _a1987 - 1991 | ||
| 546 | _aTexto en inglés | ||
| 650 | _vPublicaciones seriadas | ||
| 773 | _dLeiden, Holanda : E.J. Brill PA Leiden, 1991 | ||
| 810 | _hRevista | ||
| 942 |
_cCR _2ddc _a3 |
||
| 999 |
_c49460 _d49460 |
||